Constitutional Government and Democracy in India / (Record no. 26519)

000 -LEADER
fixed length control field 01799 a2200205 4500
008 - FIXED-LENGTH DATA ELEMENTS--GENERAL INFORMATION
fixed length control field 230703b ||||| |||| 00| 0 eng d
020 ## - INTERNATIONAL STANDARD BOOK NUMBER
International Standard Book Number 9789353432287
Terms of availability Rs399.00
041 0# - LANGUAGE CODE
Language code of text/sound track or separate title eng
082 00 - DEWEY DECIMAL CLASSIFICATION NUMBER
Classification number 320.954
Item number S61735
100 ## - MAIN ENTRY--PERSONAL NAME
Personal name Singh, Abhay Prasad
9 (RLIN) 5588
245 ## - TITLE STATEMENT
Title Constitutional Government and Democracy in India /
260 ## - PUBLICATION, DISTRIBUTION, ETC. (IMPRINT)
Place of publication, distribution, etc Noida :
Name of publisher, distributor, etc Pearson india education services pvt. ltd.,
Date of publication, distribution, etc 2022.
300 ## - PHYSICAL DESCRIPTION
Extent xv, 376 p. ;
Dimensions 23 cm.
504 ## - BIBLIOGRAPHY, ETC. NOTE
Bibliography, etc Includes bibliographies and index.
505 0# - FORMATTED CONTENTS NOTE
Formatted contents note Table of Content<br/>1. Constitutional Democracy in India: An Introduction 2. Constitutional Development in India 3. Philosophy and Features of the Indian Constitution 4. Debates on Fundamental Rights and Directive Principles 5. Union Legislature: The Parliament 6. President of India: People's President than a Figurehead 7. Union Executive: Prime Minister 8. Apex Judiciary in India 9. The Election Commission: An Important Pillar in Democratic Functioning 10. Federalism in India 11. Rural Local Self-government 12. Urban Governance in India Glossary References "
520 ## - SUMMARY, ETC.
Summary, etc Constitutional Government and Democracy in India, is a sincere attempt towards offering a deep insight into the constitutional foundations and institutional praxes of Indian democracy. This book provides a comparative and conceptual framework of constitutional designs and institutional functioning by drawing instances from various countries. This book is unique as the institutional foundations, their arrangements and accretion to them are analysed not only with the lens of Indian experience but also their functioning is scrutinized with changing trends in the normitivities of constitutionalism.
650 #0 - SUBJECT ADDED ENTRY--TOPICAL TERM
Topical term or geographic name as entry element Democracy
700 ## - ADDED ENTRY--PERSONAL NAME
9 (RLIN) 5589
Personal name Murari, Krishna
942 ## - ADDED ENTRY ELEMENTS (KOHA)
Source of classification or shelving scheme
Item type Books
Holdings
Withdrawn status Lost status Source of classification or shelving scheme Damaged status Not for loan Permanent location Current location Shelving location Date acquired Source of acquisition Cost, normal purchase price Full call number Barcode Date last seen Cost, replacement price Koha item type Total Checkouts Checked out Date last borrowed
          IMU Kolkata IMU Kolkata Reference 2023-07-03 5 299.25 320.954 S61735 14246 2023-07-03 399.00 Books      
          IMU Kolkata IMU Kolkata   2023-07-03 5 299.25 320.954 S61735 14247 2023-07-03 399.00 Books      
          IMU Kolkata IMU Kolkata   2023-07-03 5 299.25 320.954 S61735 14248 2026-06-08 399.00 Books 1 2026-06-23 2026-06-08
          IMU Kolkata IMU Kolkata   2023-07-03 5 299.25 320.954 S61735 14249 2023-07-03 399.00 Books      
          IMU Kolkata IMU Kolkata   2023-07-03 5 299.25 320.954 S61735 14250 2023-07-03 399.00 Books      
          IMU Kolkata IMU Kolkata   2023-07-03 5 299.25 320.954 S61735 14251 2023-07-03 399.00 Books      
          IMU Kolkata IMU Kolkata   2023-07-03 5 299.25 320.954 S61735 14252 2023-07-03 399.00 Books      
          IMU Kolkata IMU Kolkata   2023-07-03 5 299.25 320.954 S61735 14253 2023-07-03 399.00 Books      
          IMU Kolkata IMU Kolkata   2023-07-03 5 299.25 320.954 S61735 14254 2023-07-03 399.00 Books      
          IMU Kolkata IMU Kolkata   2023-07-03 5 299.25 320.954 S61735 14255 2023-07-03 399.00 Books      
Designed and Maintained by IMU-KC Library, Kolkata Campus © Copyright All Rights Reserved

webs counters

Powered by Koha